000 01706cam a22004574i 4500
003 PE-LiUPU
005 20250731172956.0
008 150623s r 000 0 d
020 _a0801025885
035 _a(Sirsi) i9780801025884
040 _aPE-LiUPU
_bspa
_cPE-LiUPU
_erda
049 _aPRUA
082 0 4 _a281.9
_bC61
_221
100 1 _aClendenin, Daniel B.,
_eautor.
245 1 0 _aEastern orthodox christianity :
_ba western perspective /
_cDaniel B. Clendenin.
264 1 _aMichigan :
_bBaker Books,
_c1999.
300 _a176 páginas ;
_c23 centímetros
336 _atext
_2rdacontent
337 _aunmediated
_2rdamedia
338 _avolume
_2rdacarrier
504 _aIncluye bibliografía.
505 0 _aOn smells and bells: an apologia for orthodoxy. -The forgotten family: a brief history. -The mystery of God: apophatic vision. -The image of Christ: theology in color. -The witness of the Spirit: scripture and tradition. -The deification of humanity: theosis. -A hermeneutic of love.
526 _aSEG42
526 _aSEG41
526 _aSEG40
526 _aSEG39
526 _aP94
526 _aP87
526 _aP86
526 _aP85
526 _aP77
526 _aP76
526 _aP35
650 0 4 _aIglesia Ortodoxa Oriental
_xDoctrinas.
942 _2ddc
_cBOOK
949 _a281.9 C61
_wDEWEY
_c1
_i45344
_lCCODEBUL1
_mBUL
_r0
_sY
_tBOOK
_u2015-6-24
_xTEOLOGIA
_PP35
_0COMPRA
_o.STAFF. Colección General
994 _aC0
_bPEPRU
596 _a1
999 _a281.9 C61
_wDEWEY
_c22206
_i45344
_f2021-11-11
_g5
_lCCODEBUL1
_mBUL
_r0
_sY
_tBOOK
_u2015-6-24
_xTEOLOGIA
_PP35
_0COMPRA
_o.STAFF. Colección General
_d22206
980 _81
_gALBERTO SANCHEZ Responsable de Automatización